| 000 | 00355nam a2200145Ia 4500 | ||
|---|---|---|---|
| 008 | 230917s9999||||xx |||||||||||||| ||und|| | ||
| 040 |
_e111691 _aMAIN |
||
| 041 | _aEnglish | ||
| 082 | _a320.011 K659G | ||
| 100 | _aKjaer, Anne Mette | ||
| 245 | 0 | _aGovernance | |
| 260 |
_aNew Delhi _bAtlantic Publishers _c2004 |
||
| 300 | _ax p. : 240p. | ||
| 942 | _cBK | ||
| 999 |
_c135969 _d135969 |
||